000
00283nam a22001217a 4500
008
170714b xxu||||| |||| 00| 0 eng d
041
_a
eng
080
_a
101
100
_a
23
101
_a
FIL
245
_a
THE MEANING IN THE HUMAN EXPERIENCE
_c
HIOCKING.W.E
942
_2
udc
_c
BK
999
_c
20682
_d
20682